| 000 | 00774cam a2200229 a 4500 | ||
|---|---|---|---|
| 001 | 000001910 | ||
| 005 | 20240502094959.0 | ||
| 008 | 941004s1989 cu b 000 0 spa d | ||
| 040 |
_aDO-SdBNP _cPPiU _dDLC _dBNPHU |
||
| 082 |
_a330.97291 _bC355f |
||
| 100 | 1 |
_aCastro, Fidel _d 1926-2016 _916971 |
|
| 245 | 1 | 0 |
_aFidel Castro y la deuda externa / _cFidel Castro; editor, Rosa Alfonso. |
| 260 |
_aLa Habana : _bPolítica, _c1989. |
||
| 300 |
_a218 p. ; _c21 cm. |
||
| 504 | _aIncluye referencias bibliográficas: (217-218) | ||
| 651 | 4 |
_aCuba _xCondiciones Económica _y1959-1990. _96220 |
|
| 650 | 4 |
_aDeuda externa _zCuba _96221 |
|
| 600 | 1 | 0 |
_aCastro, Fidel _d 1926-2016 _916971 |
| 700 | 1 |
_aAlfonso, Rosa, _eed. _96222 |
|
| 910 | _aCatalogación por copia / LC | ||
| 049 | _aBNGR | ||
| 999 |
_c1780 _d1780 |
||